01101nam a2200265 u 450000100100000000500170001000800410002704000250006808200210009324501090011426000380022330000340026150400580029565000350035365000480038865000450043665000470048165000420052865100650057065100560063570000340069171000560072591000370078199900170081800004750020250702113509.0090703s2004 dr di r 000 0 spa d aDO-SdBNPbspacBNPHU a330.97293bR426e00aRepública Dominicana :bestrategia nacional de desarrollo y competitividad /cprólogo Jeffrey Sachs. aSanto Domingo :bFUNGLODE,c2004. a290 p. :bil, diag. ;c28 cm. aIncluye bibliografía y notas a pie de las páginas 0a Competencia económica98351 4aZonas francaszRepública Dominicana98349 4aEducaciónzRepública Dominicana9737 4aMicroempresaszRepública Dominicana9289 4aTurismozRepública Dominicana98433 4aRepública DominicanaxCondiciones Económicasy196197344 4aRepública DominicanaxPolítica Económica964312aSachs, Jeffreyepról.9843422aFundación Global Democracía y Desarrollo925477 aValidado. Control de calidad MFF c46988d46988